[Event "1st Metropolitan International"]
[Site "Los Angeles"]
[Date "2011.08.18"]
[Round "2"]
[White "Yang, Darwin"]
[Black "Haessel, Dale"]
[Result "1/2-1/2"]
[WhiteElo "2434"]
[BlackElo "2211"]
[PlyCount "64"]
[EventDate "2011.08.17"]
[EventType "swiss"]
[EventRounds "9"]
[EventCountry "USA"]
[SourceDate "2011.08.22"]

1. d4 d5 2. c4 c6 3. Nc3 Nf6 4. e3 e6 5. Nf3 a6 6. b3 Bb4 7. Bd2 Nbd7 8. Bd3
O-O 9. O-O Bd6 10. Rc1 e5 11. cxd5 cxd5 12. dxe5 Nxe5 13. Nxe5 Bxe5 14. Ne2 Ne4
15. Be1 Bf5 16. f3 Nd6 17. Rc5 Be6 18. Bg3 Bxg3 19. hxg3 Qb6 20. Qc2 Rac8 21.
Rc1 Rxc5 22. Qxc5 Qxc5 23. Rxc5 Rc8 24. Rxc8+ Bxc8 25. Nd4 a5 26. Kf2 h5 27.
Ke2 Kf8 28. Kd2 Bd7 29. Kc3 g5 30. a4 Ke7 31. b4 b6 32. bxa5 bxa5 1/2-1/2

[Event "1st Metropolitan International"]
[Site "Los Angeles"]
[Date "2011.08.18"]
[Round "2"]
[White "Zepeda, Sonia"]
[Black "Rosen, Eric"]
[Result "0-1"]
[WhiteElo "2068"]
[BlackElo "2216"]
[PlyCount "86"]
[EventDate "2011.08.17"]
[EventType "swiss"]
[EventRounds "9"]
[EventCountry "USA"]
[SourceDate "2011.08.22"]

1. e4 c5 2. Nf3 Nc6 3. d3 g6 4. g3 Bg7 5. Bg2 e5 6. O-O Nge7 7. Nc3 O-O 8. Ne1
d6 9. f4 f5 10. Be3 Rb8 11. Nf3 Nd4 12. Qd2 b5 13. Nd1 Bb7 14. c3 Ne6 15. Nf2
Qc7 16. fxe5 dxe5 17. Bh6 f4 18. Bxg7 Kxg7 19. d4 fxg3 20. hxg3 exd4 21. Ng5
Nxg5 22. Qxg5 h6 23. Qh4 g5 24. Qh2 Bc8 25. cxd4 cxd4 26. Rac1 Qe5 27. Nd3
Rxf1+ 28. Rxf1 Qe6 29. b3 Rb6 30. Qh5 Ng6 31. Qf3 Qe7 32. Qf2 Rd6 33. Rc1 Bg4
34. Rc5 a6 35. e5 Rd8 36. Be4 Be6 37. Rc6 Rf8 38. Qxd4 Qf7 39. Bg2 Ne7 40. Rxa6
Nf5 41. Qb6 Re8 42. Qxb5 Nd4 43. Qb6 Ne2+ 0-1

[Event "1st Metropolitan International"]
[Site "Los Angeles"]
[Date "2011.08.18"]
[Round "3"]
[White "Abrahamyan, Tatev"]
[Black "Molner, Mackenzie"]
[Result "0-1"]
[WhiteElo "2343"]
[BlackElo "2447"]
[PlyCount "62"]
[EventDate "2011.08.17"]
[EventType "swiss"]
[EventRounds "9"]
[EventCountry "USA"]
[SourceDate "2011.08.22"]

1. e4 c5 2. Nf3 d6 3. d4 cxd4 4. Nxd4 Nf6 5. Nc3 a6 6. h3 e6 7. g4 Be7 8. Bg2
O-O 9. O-O Nc6 10. Nb3 Nd7 11. f4 b5 12. g5 b4 13. Ne2 a5 14. Nbd4 Nxd4 15.
Nxd4 Ba6 16. Rf2 Rc8 17. h4 Re8 18. Be3 Bf8 19. Qd2 e5 20. Nf5 exf4 21. Bxf4
Ne5 22. Re1 Nc4 23. Qd4 d5 24. Rd1 dxe4 25. Qxd8 Rcxd8 26. Rxd8 Rxd8 27. b3 g6
28. Nh6+ Bxh6 29. gxh6 e3 30. Re2 Rd1+ 31. Kh2 Ne5 0-1

[Event "1st Metropolitan International"]
[Site "Los Angeles"]
[Date "2011.08.18"]
[Round "3"]
[White "Akobian, Varuzhan"]
[Black "Altounian, Levon"]
[Result "1-0"]
[WhiteElo "2613"]
[BlackElo "2431"]
[PlyCount "65"]
[EventDate "2011.08.17"]
[EventType "swiss"]
[EventRounds "9"]
[EventCountry "USA"]
[SourceDate "2011.08.22"]

1. d4 d5 2. c4 dxc4 3. e4 c5 4. d5 e6 5. Bxc4 Nf6 6. Nc3 exd5 7. exd5 Bd6 8.
Qe2+ Be7 9. d6 Qxd6 10. Nb5 Qd8 11. Bf4 O-O 12. Rd1 Bd7 13. Nc7 Nc6 14. Nxa8
Qxa8 15. Nf3 Bg4 16. O-O Re8 17. h3 Bh5 18. Qd3 Nd4 19. Nxd4 Bxd1 20. Ne6 fxe6
21. Bxe6+ Kh8 22. Qxd1 b6 23. Re1 Bf8 24. Re3 Qc6 25. Bf5 Rxe3 26. Bxe3 Qd5 27.
Qxd5 Nxd5 28. Bd2 Nb4 29. a3 Nc6 30. Kf1 Be7 31. Be4 Nd8 32. Bd5 Bf6 33. b4 1-0

[Event "1st Metropolitan International"]
[Site "Los Angeles"]
[Date "2011.08.18"]
[Round "3"]
[White "Akopyan, Harutyun"]
[Black "Sevillano, Enrico"]
[Result "1/2-1/2"]
[WhiteElo "2213"]
[BlackElo "2492"]
[PlyCount "77"]
[EventDate "2011.08.17"]
[EventType "swiss"]
[EventRounds "9"]
[EventCountry "USA"]
[SourceDate "2011.08.22"]

1. e4 c5 2. Nf3 Nc6 3. Bb5 g6 4. Bxc6 dxc6 5. d3 Bg7 6. h3 e5 7. Be3 b6 8. Qd2
h6 9. Nc3 Be6 10. a3 f5 11. exf5 gxf5 12. Qe2 Qd6 13. Nh4 Ne7 14. g4 f4 15. Bd2
O-O-O 16. O-O-O h5 17. Rde1 hxg4 18. hxg4 Qd7 19. f3 Bf6 20. Ng2 Bd5 21. Rxh8
Bxh8 22. Nxf4 exf4 23. Qxe7 Bxf3 24. g5 c4 25. Bxf4 Bxc3 26. bxc3 cxd3 27. cxd3
Qxe7 28. Rxe7 Rxd3 29. Rc7+ Kd8 30. Rxa7 Rd7 31. Ra8+ Ke7 32. Rb8 b5 33. Be3
Rd8 34. Bc5+ Ke8 35. Rxd8+ Kxd8 36. g6 Ke8 37. Kd2 Be4 38. g7 Bd5 39. Ke3
1/2-1/2

[Event "1st Metropolitan International"]
[Site "Los Angeles"]
[Date "2011.08.18"]
[Round "3"]
[White "Amanov, Mesgen"]
[Black "Kretchetov, Alexandre"]
[Result "1-0"]
[WhiteElo "2544"]
[BlackElo "2340"]
[PlyCount "57"]
[EventDate "2011.08.17"]
[EventType "swiss"]
[EventRounds "9"]
[EventCountry "USA"]
[SourceDate "2011.08.22"]

1. d4 Nf6 2. c4 c5 3. d5 e5 4. Nc3 d6 5. e4 Be7 6. g3 O-O 7. Bg2 Ne8 8. Nge2
Bg5 9. Bxg5 Qxg5 10. O-O g6 11. f4 Qe7 12. Qd2 Ng7 13. Rf2 f6 14. Raf1 Na6 15.
f5 g5 16. h4 h6 17. Bf3 Bd7 18. Rh2 Nc7 19. Kg2 b5 20. hxg5 hxg5 21. Rfh1 Kf7
22. Rh7 Ke8 23. Bh5+ Kd8 24. cxb5 Bxb5 25. Nxb5 Nxb5 26. Qa5+ Nc7 27. Bg6 Rb8
28. b3 Kc8 29. Rxg7 1-0

[Event "1st Metropolitan International"]
[Site "Los Angeles"]
[Date "2011.08.18"]
[Round "3"]
[White "Bercys, Salvijus"]
[Black "Adamson, Robby"]
[Result "1-0"]
[WhiteElo "2487"]
[BlackElo "2324"]
[PlyCount "45"]
[EventDate "2011.08.17"]
[EventType "swiss"]
[EventRounds "9"]
[EventCountry "USA"]
[SourceDate "2011.08.22"]

1. d4 Nf6 2. c4 c5 3. d5 b5 4. cxb5 a6 5. f3 axb5 6. e4 Qa5+ 7. Bd2 b4 8. Na3
d6 9. Nc4 Qd8 10. Bd3 e6 11. dxe6 Bxe6 12. Ne2 d5 13. exd5 Nxd5 14. O-O Be7 15.
Qc2 Nd7 16. Nf4 Nxf4 17. Bxf4 Bf6 18. Rfe1 g6 19. Nd6+ Kf8 20. Bc4 Bd4+ 21. Kh1
Qf6 22. Bh6+ Ke7 23. Nxf7 1-0

[Event "1st Metropolitan International"]
[Site "Los Angeles"]
[Date "2011.08.18"]
[Round "3"]
[White "Bodek, Michael"]
[Black "Peters, Jack"]
[Result "1/2-1/2"]
[WhiteElo "2191"]
[BlackElo "2377"]
[PlyCount "55"]
[EventDate "2011.08.17"]
[EventType "swiss"]
[EventRounds "9"]
[EventCountry "USA"]
[SourceDate "2011.08.22"]

1. e4 c5 2. Nf3 Nc6 3. Nc3 e6 4. d4 cxd4 5. Nxd4 Qc7 6. g3 a6 7. Bg2 Nf6 8. O-O
Nxd4 9. Qxd4 Bc5 10. Bf4 d6 11. Qd3 h6 12. Na4 e5 13. Nxc5 dxc5 14. Be3 O-O 15.
h3 b6 16. Rad1 Bb7 17. Qd6 Rac8 18. f3 Bc6 19. Qxc7 Rxc7 20. h4 Rb8 21. Bh3 Kf8
22. Rf2 Ke7 23. Rfd2 Bd7 24. Bf1 Be6 25. a4 a5 26. g4 Ne8 27. Bb5 Rcc8 28. Bxe8
1/2-1/2

[Event "1st Metropolitan International"]
[Site "Los Angeles"]
[Date "2011.08.18"]
[Round "3"]
[White "Brown, Michael W."]
[Black "Taylor, Timothy"]
[Result "1-0"]
[WhiteElo "2121"]
[BlackElo "2279"]
[PlyCount "85"]
[EventDate "2011.08.17"]
[EventType "swiss"]
[EventRounds "9"]
[EventCountry "USA"]
[SourceDate "2011.08.22"]

1. d4 e6 2. c4 f5 3. Nf3 Nf6 4. g3 b6 5. Bg2 Bb7 6. O-O Bd6 7. Nc3 O-O 8. Qc2
Nc6 9. a3 Rc8 10. b3 a6 11. Bb2 f4 12. Rad1 Qe8 13. Ne4 Nxe4 14. Qxe4 Qh5 15.
b4 Ba8 16. d5 Ne7 17. Ne5 exd5 18. cxd5 fxg3 19. hxg3 Bxe5 20. Qxe5 Qxe5 21.
Bxe5 Ng6 22. Bd4 Rfe8 23. e3 Ne5 24. Rc1 b5 25. Bxe5 Rxe5 26. e4 Kf8 27. f4
Ree8 28. e5 g6 29. Rc3 c6 30. Rfc1 Rc7 31. Rc5 Rec8 32. Kf2 Ke8 33. d6 Ra7 34.
Rh1 h5 35. g4 Kf7 36. gxh5 gxh5 37. Rxh5 Rg8 38. Rh7+ Rg7 39. Rxg7+ Kxg7 40. f5
a5 41. e6 axb4 42. e7 Kf7 43. Bf3 1-0

[Event "1st Metropolitan International"]
[Site "Los Angeles"]
[Date "2011.08.18"]
[Round "3"]
[White "Cherniack, Alex"]
[Black "Tanaka, Christian"]
[Result "1/2-1/2"]
[WhiteElo "2262"]
[BlackElo "2098"]
[PlyCount "68"]
[EventDate "2011.08.17"]
[EventType "swiss"]
[EventRounds "9"]
[EventCountry "USA"]
[SourceDate "2011.08.22"]

1. e4 d5 2. exd5 Nf6 3. d4 Bg4 4. f3 Bf5 5. Bb5+ Nbd7 6. Nc3 a6 7. Ba4 b5 8.
Bb3 Nb6 9. Nge2 Nbxd5 10. Nxd5 Nxd5 11. Ng3 Bg6 12. a4 e6 13. O-O Be7 14. axb5
axb5 15. Rxa8 Qxa8 16. Qe2 Qb7 17. f4 c6 18. f5 exf5 19. Nxf5 Bxf5 20. Rxf5 O-O
21. Bxd5 cxd5 22. Qf3 Qc6 23. c3 Rd8 24. Bd2 f6 25. Qe2 Bf8 26. Rf3 Re8 27. Qd3
Re4 28. Rf1 Qc4 29. Qxc4 bxc4 30. Kf2 Bd6 31. g3 f5 32. b3 cxb3 33. Rb1 Re8 34.
Rxb3 Rb8 1/2-1/2

[Event "1st Metropolitan International"]
[Site "Los Angeles"]
[Date "2011.08.18"]
[Round "3"]
[White "Chua, Alexander"]
[Black "Heiserman, Jimmy"]
[Result "1/2-1/2"]
[WhiteElo "2278"]
[BlackElo "2111"]
[PlyCount "32"]
[EventDate "2011.08.17"]
[EventType "swiss"]
[EventRounds "9"]
[EventCountry "USA"]
[SourceDate "2011.08.22"]

1. d4 g6 2. Nf3 Bg7 3. c3 Nf6 4. Bg5 d5 5. Nbd2 O-O 6. e3 c5 7. Be2 Nbd7 8. O-O
b6 9. b4 a5 10. bxc5 bxc5 11. Rb1 a4 12. Qc2 Ba6 13. Bxa6 Rxa6 14. Rb5 Qa8 15.
Rfb1 Rc8 16. Qd1 Ra5 1/2-1/2

[Event "1st Metropolitan International"]
[Site "Los Angeles"]
[Date "2011.08.18"]
[Round "3"]
[White "Duckworth, William"]
[Black "Gurevich, Dmitry"]
[Result "0-1"]
[WhiteElo "2352"]
[BlackElo "2479"]
[PlyCount "74"]
[EventDate "2011.08.17"]
[EventType "swiss"]
[EventRounds "9"]
[EventCountry "USA"]
[SourceDate "2011.08.22"]

1. e4 c5 2. Nf3 d6 3. Bb5+ Nd7 4. O-O Ngf6 5. Re1 a6 6. Bf1 b6 7. d3 e6 8. Nbd2
Be7 9. g3 O-O 10. Bg2 Bb7 11. e5 dxe5 12. Nxe5 Bxg2 13. Kxg2 Nxe5 14. Rxe5 Qc7
15. Re1 Nd5 16. Qe2 Nb4 17. Nf3 Rad8 18. a3 Nc6 19. Bf4 Bd6 20. Bg5 Rde8 21. c3
f5 22. Rad1 e5 23. Bc1 Qb7 24. Kg1 b5 25. Qf1 Bb8 26. Qg2 c4 27. dxc4 e4 28.
cxb5 axb5 29. Nd4 Ne5 30. Bf4 Nf3+ 31. Nxf3 exf3 32. Rxe8 Rxe8 33. Qf1 Bxf4 34.
gxf4 Qc6 35. Kh1 Re2 36. Rd8+ Kf7 37. Qd1 Qe6 0-1

[Event "1st Metropolitan International"]
[Site "Los Angeles"]
[Date "2011.08.18"]
[Round "3"]
[White "Haessel, Dale"]
[Black "Panjwani, Raja"]
[Result "0-1"]
[WhiteElo "2211"]
[BlackElo "2420"]
[PlyCount "62"]
[EventDate "2011.08.17"]
[EventType "swiss"]
[EventRounds "9"]
[EventCountry "USA"]
[SourceDate "2011.08.22"]

1. Nf3 g6 2. d4 Bg7 3. c4 c5 4. e4 cxd4 5. Nxd4 Nc6 6. Be3 Nf6 7. Nc3 d6 8. f3
O-O 9. Be2 Bd7 10. Qd2 Nxd4 11. Bxd4 Bc6 12. O-O a5 13. b3 Nd7 14. Bxg7 Kxg7
15. Qb2 Qb6+ 16. Kh1 Qd4 17. a3 f5 18. exf5 Rxf5 19. b4 b6 20. Rad1 Qf6 21. Qd2
axb4 22. axb4 Rf4 23. Nd5 Bxd5 24. Qxd5 Ra2 25. Rfe1 Rb2 26. Qb7 Ne5 27. b5 Kf8
28. Qa8+ Kg7 29. Qb7 Ng4 30. Qxb6 Qe5 31. Bf1 Re4 0-1

[Event "1st Metropolitan International"]
[Site "Los Angeles"]
[Date "2011.08.18"]
[Round "3"]
[White "Hafizulhilmi, Mas"]
[Black "Kelley, Dereque"]
[Result "1/2-1/2"]
[WhiteElo "2416"]
[BlackElo "2203"]
[PlyCount "124"]
[EventDate "2011.08.17"]
[EventType "swiss"]
[EventRounds "9"]
[EventCountry "USA"]
[SourceDate "2011.08.22"]

1. e4 e5 2. Bc4 Nf6 3. d3 Nc6 4. Nc3 Na5 5. Bg5 Be7 6. Nf3 Nxc4 7. dxc4 d6 8.
Qe2 c6 9. O-O-O Qc7 10. Nd2 h6 11. Bh4 Be6 12. f3 O-O-O 13. Bf2 Nd7 14. Nf1 Nb6
15. b3 g6 16. a4 Kb8 17. Ne3 f5 18. Kb2 Nd7 19. Ra1 a5 20. Qd2 Nc5 21. Rhd1
Rhf8 22. Nf1 fxe4 23. fxe4 Bg5 24. Be3 Qe7 25. Re1 Bc8 26. Ng3 Ne6 27. Nd1 Qc7
28. Bxg5 hxg5 29. Ne3 Rf4 30. Nd1 Rh8 31. h3 Rhf8 32. Nc3 Nd4 33. Rf1 g4 34.
hxg4 Bxg4 35. Rxf4 Rxf4 36. Rh1 b6 37. Rh8+ Kb7 38. Qe1 Qg7 39. Rh1 Qf7 40. Nf1
Bd7 41. Ne3 Ne6 42. Qd1 Nd4 43. Rh8 Qe7 44. Qh1 Rf8 45. Rxf8 Qxf8 46. Qh7 Kc7
47. Qxg6 Qf2 48. Qg5 Ne6 49. Qh6 Nf4 50. Ncd1 Qd2 51. Kb1 Qe1 52. Kc1 Qg3 53.
Qh1 Be8 54. Qf1 Bh5 55. Qf2 Bxd1 56. Qxg3 Ne2+ 57. Kxd1 Nxg3 58. Ke1 Nxe4 59.
Ke2 Kd7 60. Kf3 Nd2+ 61. Ke2 Ne4 62. Kf3 Nd2+ 1/2-1/2

[Event "1st Metropolitan International"]
[Site "Los Angeles"]
[Date "2011.08.18"]
[Round "3"]
[White "Hamzah, Amier"]
[Black "Barnett, Alex"]
[Result "0-1"]
[WhiteElo "1800"]
[BlackElo "2254"]
[PlyCount "76"]
[EventDate "2011.08.17"]
[EventType "swiss"]
[EventRounds "9"]
[EventCountry "USA"]
[SourceDate "2011.08.22"]

1. d4 g6 2. c4 Bg7 3. Nc3 d6 4. e4 Nc6 5. Be3 e5 6. Nge2 exd4 7. Nxd4 Nge7 8.
Be2 O-O 9. Qd2 f5 10. O-O-O fxe4 11. Nxe4 Nf5 12. Nxf5 Bxf5 13. Nc3 a5 14. g4
Be6 15. f4 a4 16. Rdf1 a3 17. f5 axb2+ 18. Kxb2 Bf7 19. Bh6 Be5 20. fxg6 hxg6
21. a3 d5 22. cxd5 Re8 23. Bc4 Rxa3 24. Kxa3 Qd6+ 25. Kb2 Qb4+ 26. Bb3 Bxc3+
27. Qxc3 Re2+ 28. Qc2 Rxc2+ 29. Kxc2 Nd4+ 30. Kd3 Nxb3 31. Rf3 Nc5+ 32. Ke2
Qe4+ 33. Kf2 Qxf3+ 34. Kxf3 Bxd5+ 35. Kf4 Bxh1 36. h4 Kf7 37. h5 Ne6+ 38. Kg3
g5 0-1

[Event "1st Metropolitan International"]
[Site "Los Angeles"]
[Date "2011.08.18"]
[Round "3"]
[White "Holt, Conrad"]
[Black "Chen, Howard Jed"]
[Result "1/2-1/2"]
[WhiteElo "2438"]
[BlackElo "2293"]
[PlyCount "111"]
[EventDate "2011.08.17"]
[EventType "swiss"]
[EventRounds "9"]
[EventCountry "USA"]
[SourceDate "2011.08.22"]

1. d4 g6 2. c4 Bg7 3. Nf3 d6 4. e4 e5 5. Nc3 Nc6 6. dxe5 dxe5 7. Qxd8+ Kxd8 8.
Bg5+ f6 9. O-O-O+ Bd7 10. Be3 Nh6 11. h3 Nf7 12. c5 Kc8 13. Bc4 Ncd8 14. Kc2 c6
15. b4 Be6 16. Kb3 Bxc4+ 17. Kxc4 Ne6 18. b5 Rd8 19. a4 Bf8 20. a5 Kc7 21. b6+
Kc8 22. Na4 a6 23. h4 Rd7 24. g4 Kd8 25. g5 Bg7 26. Nb2 Rxd1 27. Rxd1+ Ke8 28.
gxf6 Bxf6 29. Nd3 Rd8 30. Rh1 Ke7 31. Rh3 Rd7 32. Rh1 Ke8 33. Nh2 Bg7 34. Ng4
Nf4 35. Bxf4 Rd4+ 36. Kc3 Rxe4 37. Bxe5 Nxe5 38. Ngxe5 Bxe5+ 39. Kb3 Bf6 40. h5
Rh4 41. Re1+ Kd7 42. hxg6 hxg6 43. Re3 g5 44. Ne5+ Bxe5 45. Rxe5 Rg4 46. Rf5
Ke7 47. Kc3 Rg2 48. Kd4 g4 49. Re5+ Kf6 50. Re8 g3 51. fxg3 Rxg3 52. Rc8 Rg7
53. Ke4 Re7+ 54. Kf4 Ke6 55. Rd8 Rd7 56. Rxd7 1/2-1/2

[Event "1st Metropolitan International"]
[Site "Los Angeles"]
[Date "2011.08.18"]
[Round "3"]
[White "Kavutskiy, Konstantin"]
[Black "Ulrich, Thomas"]
[Result "1/2-1/2"]
[WhiteElo "2225"]
[BlackElo "2093"]
[PlyCount "84"]
[EventDate "2011.08.17"]
[EventType "swiss"]
[EventRounds "9"]
[EventCountry "USA"]
[SourceDate "2011.08.22"]

1. d4 d5 2. c4 e6 3. Nc3 c6 4. e3 Nf6 5. Nf3 a6 6. Bd3 dxc4 7. Bxc4 c5 8. O-O
b5 9. Bb3 Bb7 10. Qe2 cxd4 11. exd4 Be7 12. Bg5 O-O 13. Rad1 b4 14. Na4 Nbd7
15. Ne5 Nxe5 16. dxe5 Nd5 17. Nc5 Bc6 18. Bxe7 Qxe7 19. Nd3 Rfd8 20. Qg4 Bb5
21. Rfe1 a5 22. h4 Nc3 23. bxc3 Bxd3 24. cxb4 a4 25. Bc4 h5 26. Qf4 Qxb4 27.
Rc1 Bxc4 28. Qxc4 Qxc4 29. Rxc4 Rd2 30. a3 Rd3 31. Re3 Rxe3 32. fxe3 Ra5 33.
Kf2 Rxe5 34. Rxa4 Rb5 35. Rb4 Ra5 36. a4 Kf8 37. Ke2 g5 38. g3 gxh4 39. gxh4
Ke7 40. Kd3 Kd6 41. Kc3 f5 42. Rd4+ Kc6 1/2-1/2

[Event "1st Metropolitan International"]
[Site "Los Angeles"]
[Date "2011.08.18"]
[Round "3"]
[White "Kiewra, Keaton"]
[Black "Bojkov, Dejan"]
[Result "0-1"]
[WhiteElo "2351"]
[BlackElo "2544"]
[PlyCount "80"]
[EventDate "2011.08.17"]
[EventType "swiss"]
[EventRounds "9"]
[EventCountry "USA"]
[SourceDate "2011.08.22"]

1. e4 e5 2. Nf3 Nc6 3. Bb5 a6 4. Ba4 Nf6 5. O-O Be7 6. Bxc6 dxc6 7. d3 Nd7 8.
Nbd2 O-O 9. Nc4 f6 10. Nh4 g6 11. Bh6 Rf7 12. f4 exf4 13. Bxf4 f5 14. Nf3 fxe4
15. Nfe5 Rxf4 16. Rxf4 Nxe5 17. Nxe5 Qd4+ 18. Kh1 Qxe5 19. Rxe4 Qd6 20. Qe2 Bf6
21. Re8+ Kg7 22. Re1 Qd5 23. Qf2 Qf7 24. Qe3 b6 25. d4 a5 26. Qg3 c5 27. dxc5
Bb7 28. Rxa8 Bxa8 29. cxb6 cxb6 30. Qd6 Qd5 31. Qc7+ Kh6 32. Qf4+ Bg5 33. Qg3
Bc6 34. Rf1 Qd2 35. Qh3+ Kg7 36. Qg3 Bf4 37. Qh3 h5 38. Rg1 Be3 39. Rf1 Qe2 40.
Ra1 h4 0-1

[Event "1st Metropolitan International"]
[Site "Los Angeles"]
[Date "2011.08.18"]
[Round "3"]
[White "Krishnan, Varun"]
[Black "Wang, Richard"]
[Result "0-1"]
[WhiteElo "2099"]
[BlackElo "2240"]
[PlyCount "64"]
[EventDate "2011.08.17"]
[EventType "swiss"]
[EventRounds "9"]
[EventCountry "USA"]
[SourceDate "2011.08.22"]

1. e4 c5 2. Nf3 d6 3. d4 cxd4 4. Nxd4 Nf6 5. Nc3 g6 6. Be3 Bg7 7. f3 Nc6 8. Qd2
Bd7 9. Bc4 O-O 10. O-O-O Rb8 11. Kb1 Ne5 12. Be2 b5 13. h4 Nc4 14. Bxc4 bxc4
15. h5 Qb6 16. b3 Qb4 17. hxg6 fxg6 18. Nde2 cxb3 19. cxb3 a5 20. Bh6 Bxh6 21.
Qxh6 Be6 22. Rd4 Qc5 23. Na4 Qb5 24. Nac3 Qb7 25. Nd5 Bxd5 26. exd5 Rfc8 27.
Nf4 Qc7 28. Rd2 e5 29. dxe6 a4 30. Rb2 axb3 31. axb3 Rxb3 32. Nd3 Qc2+ 0-1

[Event "1st Metropolitan International"]
[Site "Los Angeles"]
[Date "2011.08.18"]
[Round "3"]
[White "Kurosaki, Takashi"]
[Black "Akopian, Robert"]
[Result "1-0"]
[WhiteElo "2131"]
[BlackElo "2047"]
[PlyCount "103"]
[EventDate "2011.08.17"]
[EventType "swiss"]
[EventRounds "9"]
[EventCountry "USA"]
[SourceDate "2011.08.22"]

1. c4 e5 2. g3 Nf6 3. Bg2 d5 4. a3 Be7 5. cxd5 Nxd5 6. Nf3 Nc6 7. O-O O-O 8.
Nc3 Nb6 9. b4 Be6 10. Rb1 f6 11. d3 a5 12. b5 Nd4 13. Nxd4 exd4 14. Na4 Bd5 15.
Nxb6 cxb6 16. a4 Bxg2 17. Kxg2 Qd5+ 18. Kg1 Rac8 19. Bb2 f5 20. Rc1 Bc5 21. Qd2
f4 22. f3 Rce8 23. g4 Re3 24. Rf2 Rfe8 25. Rc4 g5 26. Qd1 R8e6 27. h4 h6 28.
Qf1 R3e5 29. hxg5 Rxg5 30. Rg2 Kf7 31. Qf2 Rd6 32. Kf1 Ke7 33. Qh4 Kf7 34. Qh1
Qe5 35. Rh2 Re6 36. Qg1 Rd6 37. Rh3 Ke7 38. Qh2 Re6 39. Bc1 Bd6 40. Rxh6 Rxh6
41. Qxh6 Bc5 42. Qh7+ Ke6 43. Qxb7 Rg7 44. Qc6+ Bd6 45. Qxb6 Rh7 46. Rxd4 Rh1+
47. Kf2 Rxc1 48. Re4 Qxe4 49. fxe4 Kd7 50. d4 Bb4 51. e5 Ke7 52. Qf6+ 1-0

[Event "1st Metropolitan International"]
[Site "Los Angeles"]
[Date "2011.08.18"]
[Round "3"]
[White "Langer, Michael"]
[Black "Ginsburg, Mark"]
[Result "1-0"]
[WhiteElo "2180"]
[BlackElo "2387"]
[PlyCount "111"]
[EventDate "2011.08.17"]
[EventType "swiss"]
[EventRounds "9"]
[EventCountry "USA"]
[SourceDate "2011.08.22"]

1. e4 c5 2. Nf3 e6 3. d4 cxd4 4. Nxd4 a6 5. Bd3 Qb6 6. Be3 Bc5 7. c3 Qc7 8. Qg4
g6 9. Nd2 d6 10. Qh4 Qe7 11. Qg3 e5 12. Nc2 Bxe3 13. Nxe3 Nf6 14. O-O Be6 15.
Be2 Nbd7 16. f4 exf4 17. Qxf4 O-O 18. Nec4 d5 19. e5 Qc5+ 20. Kh1 Nh5 21. Bxh5
dxc4 22. Bf3 Qxe5 23. Bxb7 Ra7 24. Be4 Qxf4 25. Rxf4 g5 26. Rf2 Nc5 27. Bf5 Nd3
28. Bxd3 cxd3 29. Ne4 Re7 30. b3 Rd8 31. Rd1 h6 32. Kg1 Kg7 33. Nc5 Rc7 34.
Nxe6+ fxe6 35. c4 e5 36. Rf5 Re7 37. Kf2 Kg6 38. g4 Rd4 39. Rf8 Red7 40. Re8
Rxg4 41. Rxe5 Rh4 42. Kg3 Kh5 43. Rd2 Rg4+ 44. Kf3 Kh4 45. Re4 h5 46. c5 Kh3
47. Rxg4 hxg4+ 48. Ke4 Re7+ 49. Kf5 Re2 50. Rxd3+ Kxh2 51. Kxg4 Rg2+ 52. Kh5
Rc2 53. b4 a5 54. a3 a4 55. Kxg5 Rb2 56. Kf4 1-0

[Event "1st Metropolitan International"]
[Site "Los Angeles"]
[Date "2011.08.18"]
[Round "3"]
[White "Lee, Michael"]
[Black "Zepeda, Lorena"]
[Result "1-0"]
[WhiteElo "2395"]
[BlackElo "2187"]
[PlyCount "75"]
[EventDate "2011.08.17"]
[EventType "swiss"]
[EventRounds "9"]
[EventCountry "USA"]
[SourceDate "2011.08.22"]

1. c4 Nf6 2. Nc3 g6 3. g3 Bg7 4. Bg2 O-O 5. e4 d6 6. Nge2 c5 7. O-O Nc6 8. d3
Rb8 9. h3 Nd7 10. Be3 Nd4 11. Rb1 a6 12. a4 Re8 13. b4 Nxe2+ 14. Nxe2 b6 15.
Qd2 Bb7 16. f4 f5 17. b5 a5 18. g4 fxg4 19. hxg4 Nf6 20. Bh3 Bc8 21. f5 Nd7 22.
Bf4 gxf5 23. gxf5 Kh8 24. Kf2 Ne5 25. Rh1 Rf8 26. Rbg1 e6 27. Ng3 Rb7 28. Ke2
Qe8 29. Qe3 d5 30. fxe6 dxc4 31. Bf5 cxd3+ 32. Kf1 Bf6 33. Nh5 Nc4 34. Qxd3
Bxe6 35. Nxf6 Rxf6 36. Qc3 Qf8 37. Bxe6 Rg7 38. Bf5 1-0

[Event "1st Metropolitan International"]
[Site "Los Angeles"]
[Date "2011.08.18"]
[Round "3"]
[White "Liou, Yian"]
[Black "Jayakumar, Adarsh"]
[Result "1-0"]
[WhiteElo "2299"]
[BlackElo "2177"]
[PlyCount "65"]
[EventDate "2011.08.17"]
[EventType "swiss"]
[EventRounds "9"]
[EventCountry "USA"]
[SourceDate "2011.08.22"]

1. e4 c5 2. Nf3 d6 3. d4 cxd4 4. Nxd4 Nf6 5. Nc3 a6 6. Be2 e6 7. O-O Be7 8. a4
O-O 9. Kh1 Nc6 10. Be3 Qc7 11. f4 Re8 12. Nb3 b6 13. Bf3 Bb7 14. g4 Nd7 15. g5
Nc5 16. Bg2 Bf8 17. Rf3 Nb4 18. Rh3 g6 19. Rc1 d5 20. e5 Qd7 21. Nxc5 bxc5 22.
Ne4 Be7 23. Bxc5 Qxa4 24. Nd6 Bxd6 25. Bxd6 Rac8 26. b3 Qb5 27. Qe1 Nc6 28. Qh4
h5 29. gxh6 Kh7 30. Qf6 Rg8 31. Qxf7+ Kh8 32. h7 Rg7 33. Qf6 1-0

[Event "1st Metropolitan International"]
[Site "Los Angeles"]
[Date "2011.08.18"]
[Round "3"]
[White "Marmont, Benjamin"]
[Black "Phillips, Jeff"]
[Result "0-1"]
[WhiteElo "2154"]
[BlackElo "2071"]
[PlyCount "76"]
[EventDate "2011.08.17"]
[EventType "swiss"]
[EventRounds "9"]
[EventCountry "USA"]
[SourceDate "2011.08.22"]

1. e4 g6 2. d4 Bg7 3. Nc3 c6 4. Nf3 d5 5. h3 Nf6 6. e5 Ne4 7. Nxe4 dxe4 8. Ng5
c5 9. d5 Bxe5 10. Nxe4 Bf5 11. c3 Nd7 12. Bd3 O-O 13. g4 Bxe4 14. Bxe4 Qc7 15.
O-O Kh8 16. Bh6 Rg8 17. Kh1 g5 18. Qf3 Qd6 19. Bxg5 Rxg5 20. Qxf7 Qh6 21. Kg2
Rxg4+ 22. hxg4 Qh2+ 23. Kf3 Rf8 24. Qxf8+ Nxf8 25. Bf5 Qf4+ 26. Ke2 Qc4+ 27.
Bd3 Qxd5 28. Rh1 c4 29. Bf5 e6 30. Bc2 Qb5 31. Rab1 Kg7 32. Rh5 Ng6 33. Bxg6
hxg6 34. Rh3 Bf4 35. Kf3 e5 36. Rd1 Qxb2 37. Rd7+ Kf6 38. Rd6+ Kg5 0-1

[Event "1st Metropolitan International"]
[Site "Los Angeles"]
[Date "2011.08.18"]
[Round "3"]
[White "Mateer, Amanda"]
[Black "Melekhina, Alisa"]
[Result "1-0"]
[WhiteElo "2096"]
[BlackElo "2263"]
[PlyCount "59"]
[EventDate "2011.08.17"]
[EventType "swiss"]
[EventRounds "9"]
[EventCountry "USA"]
[SourceDate "2011.08.22"]

1. d4 d6 2. c4 g6 3. Nc3 Bg7 4. e4 Nd7 5. Nf3 e5 6. Be2 Ne7 7. O-O O-O 8. Be3
h6 9. Qd2 Kh7 10. dxe5 dxe5 11. Rfd1 f5 12. Bg5 c6 13. Qd6 hxg5 14. Nxg5+ Kh8
15. Ne6 Qe8 16. Nc7 Qf7 17. Nxa8 Nf6 18. f3 fxe4 19. fxe4 Bg4 20. Bxg4 Nxg4 21.
Rf1 Bf6 22. Nc7 Ne3 23. Rf3 Nxc4 24. Qe6 Ng8 25. Rd1 Nb6 26. Rh3+ Kg7 27. Qxf7+
Kxf7 28. Rh7+ Bg7 29. Rf1+ Nf6 30. Rxg7+ 1-0